| 000 | 004490000a22001810004500 | ||
|---|---|---|---|
| 003 | MACL | ||
| 005 | 20151220131758.0 | ||
| 008 | 151220b xxu||||| |||| 00| 0 eng d | ||
| 040 |
_aMACL _cMACL |
||
| 041 | _aEnglish | ||
| 082 | _a770/HED | ||
| 100 |
_aHedgecoe, John _921608 |
||
| 245 | _aPhotographing Landscapes | ||
| 260 |
_bCollins & Brown Ltd _c2000 _aHong Kong |
||
| 350 | _a794 | ||
| 650 |
_aPhotography _921609 |
||
| 942 |
_cBK _k770/HED _2ddc |
||
| 999 |
_c40322 _d40322 |
||